[Event "HSG Open 2019 A"]
[Site "Hilversum"]
[Date "2019.06.21"]
[Round "2.6"]
[White "Schoppen, Casper"]
[Black "Keetman, Maaike"]
[Result "1-0"]
[BlackElo "2139"]
[WhiteElo "2464"]
[LiveChessVersion "1.4.8"]

1. e4 {[%clk 1:50:15]} e6 {[%clk 1:50:13]} 2. d4 {[%clk 1:50:11]} d5
{[%clk 1:50:18]} 3. Nc3 {[%clk 1:50:13]} Bb4 {[%clk 1:50:17]} 4. e5
{[%clk 1:50:14]} c5 {[%clk 1:50:11]} 5. a3 {[%clk 1:50:20]} Bxc3+
{[%clk 1:50:14]} 6. bxc3 {[%clk 1:50:24]} Qa5 {[%clk 1:50:13]} 7. Bd2
{[%clk 1:50:12]} Qa4 {[%clk 1:50:16]} 8. Qb1 {[%clk 1:46:46]} c4 {[%clk 1:50:04]}
9. Ne2 {[%clk 1:45:08]} Nc6 {[%clk 1:49:06]} 10. Nf4 {[%clk 1:44:39]} Nge7
{[%clk 1:43:03]} 11. Nh5 {[%clk 1:37:05]} Rg8 {[%clk 1:42:21]} 12. h4
{[%clk 1:35:04]} Bd7 {[%clk 1:39:31]} 13. Rh3 {[%clk 1:31:00]} O-O-O
{[%clk 1:36:10]} 14. Rf3 {[%clk 1:30:34]} Rdf8 {[%clk 1:31:16]} 15. g3
{[%clk 1:26:18]} Be8 {[%clk 1:26:31]} 16. Bh3 {[%clk 1:21:13]} Kb8
{[%clk 1:22:27]} 17. Nf4 {[%clk 1:14:11]} Bd7 {[%clk 1:08:12]} 18. Re3
{[%clk 1:06:39]} Bc8 {[%clk 1:00:13]} 19. Kf1 {[%clk 1:03:22]} g6
{[%clk 0:55:23]} 20. Kg1 {[%clk 0:58:59]} h6 {[%clk 0:52:22]} 21. Re1
{[%clk 0:57:40]} g5 {[%clk 0:42:48]} 22. hxg5 {[%clk 0:51:57]} hxg5
{[%clk 0:42:49]} 23. Nh5 {[%clk 0:51:50]} g4 {[%clk 0:38:51]} 24. Bf1
{[%clk 0:50:44]} Rg6 {[%clk 0:36:09]} 25. Nf6 {[%clk 0:49:12]} Ng8
{[%clk 0:31:50]} 26. Nh7 {[%clk 0:46:09]} Re8 {[%clk 0:30:59]} 27. Qc1
{[%clk 0:32:13]} Rg7 {[%clk 0:26:24]} 28. Nf6 {[%clk 0:31:55]} Nxf6
{[%clk 0:25:03]} 29. exf6 {[%clk 0:32:00]} Rg6 {[%clk 0:24:50]} 30. Bg5
{[%clk 0:31:32]} Ka8 {[%clk 0:23:40]} 31. Bg2 {[%clk 0:29:56]} Reg8
{[%clk 0:21:58]} 32. Bh4 {[%clk 0:29:51]} Nb8 {[%clk 0:21:40]} 33. Re2
{[%clk 0:26:43]} Qa5 {[%clk 0:19:53]} 34. Qf4 {[%clk 0:19:52]} Qxc3
{[%clk 0:18:17]} 35. Rae1 {[%clk 0:19:28]} Nc6 {[%clk 0:17:05]} 36. Qc7
{[%clk 0:18:30]} Nxd4 {[%clk 0:13:50]} 37. Re3 {[%clk 0:18:14]} Qxc2
{[%clk 0:09:49]} 38. Qxf7 {[%clk 0:17:46]} Nf5 {[%clk 0:05:15]} 39. Qxg6
{[%clk 0:14:03]} Rxg6 {[%clk 0:02:05]} 40. f7 {[%clk 0:14:07]} Nxe3
{[%clk 0:01:54]} 41. f8=Q {[%clk 0:14:09]} Kb8 {[%clk 0:01:56]} 42. Qd6+
{[%clk 0:14:05]} Ka8 {[%clk 0:02:01]} 43. Qc7 {[%clk 0:13:54]} Rg8
{[%clk 0:01:44]} 44. Bd8 {[%clk 0:13:52]} 1-0

[Event "HSG Open 2019 A"]
[Site "Hilversum"]
[Date "2019.06.21"]
[Round "2.7"]
[White "Hommes, Elmar"]
[Black "Zwirs, Nico"]
[Result "0-1"]
[BlackElo "2387"]
[WhiteElo "2123"]
[LiveChessVersion "1.4.8"]

1. d4 {[%clk 1:49:59]} Nf6 {[%clk 1:50:05]} 2. Nf3 {[%clk 1:49:57]} c5
{[%clk 1:50:00]} 3. c4 {[%clk 1:49:19]} cxd4 {[%clk 1:47:55]} 4. Nxd4
{[%clk 1:49:22]} Qc7 {[%clk 1:47:48]} 5. Qd3 {[%clk 1:44:45]} a6 {[%clk 1:43:51]}
6. Nc3 {[%clk 1:44:19]} Nc6 {[%clk 1:31:01]} 7. e4 {[%clk 1:41:51]} e6
{[%clk 1:21:55]} 8. Be2 {[%clk 1:37:10]} Bd6 {[%clk 1:15:57]} 9. Nxc6
{[%clk 1:26:06]} dxc6 {[%clk 1:14:52]} 10. Be3 {[%clk 1:25:24]} e5
{[%clk 1:02:33]} 11. O-O-O {[%clk 1:18:28]} Be7 {[%clk 1:02:23]} 12. Na4
{[%clk 1:17:07]} c5 {[%clk 1:01:27]} 13. Bxc5 {[%clk 1:12:08]} Bxc5
{[%clk 0:54:58]} 14. Nxc5 {[%clk 1:08:49]} Bg4 {[%clk 0:47:23]} 15. Nb3
{[%clk 1:01:41]} Bxe2 {[%clk 0:35:13]} 16. Qxe2 {[%clk 1:01:46]} O-O
{[%clk 0:35:15]} 17. Kb1 {[%clk 0:57:38]} a5 {[%clk 0:35:23]} 18. Rc1
{[%clk 0:49:40]} a4 {[%clk 0:33:58]} 19. Na1 {[%clk 0:44:58]} Rfc8
{[%clk 0:27:18]} 20. Rc3 {[%clk 0:44:01]} Ra5 {[%clk 0:22:17]} 21. Nc2
{[%clk 0:39:23]} Rc5 {[%clk 0:22:17]} 22. Na3 {[%clk 0:39:19]} Ne8
{[%clk 0:19:40]} 23. Nb5 {[%clk 0:36:37]} Qb6 {[%clk 0:19:17]} 24. Rd1
{[%clk 0:35:53]} h6 {[%clk 0:18:22]} 25. Rd5 {[%clk 0:32:13]} Nc7
{[%clk 0:14:33]} 26. Nxc7 {[%clk 0:19:33]} R5xc7 {[%clk 0:12:38]} 27. Rxe5
{[%clk 0:17:25]} a3 {[%clk 0:12:23]} 28. Rb5 {[%clk 0:15:36]} Qd6
{[%clk 0:12:06]} 29. g3 {[%clk 0:12:24]} axb2 {[%clk 0:11:57]} 30. Kxb2
{[%clk 0:11:47]} Qe6 {[%clk 0:09:52]} 31. Rd5 {[%clk 0:09:20]} Qa6
{[%clk 0:09:03]} 32. Qd3 {[%clk 0:07:28]} Qb6+ {[%clk 0:09:10]} 33. Kc1
{[%clk 0:06:24]} Qxf2 {[%clk 0:09:10]} 34. Rd8+ {[%clk 0:05:55]} Kh7
{[%clk 0:09:15]} 35. Rxc8 {[%clk 0:04:33]} Rxc8 {[%clk 0:09:23]} 36. Qd5
{[%clk 0:04:05]} Kg8 {[%clk 0:04:29]} 37. Rc2 {[%clk 0:03:30]} Qg1+
{[%clk 0:04:18]} 38. Kb2 {[%clk 0:03:31]} Qb6+ {[%clk 0:04:20]} 39. Kc1
{[%clk 0:03:26]} Rd8 {[%clk 0:04:19]} 40. c5 {[%clk 0:03:06]} Qc7
{[%clk 0:04:00]} 41. Qf5 {[%clk 0:02:50]} Qa5 {[%clk 0:03:41]} 42. e5
{[%clk 0:02:30]} Qa3+ {[%clk 0:03:45]} 43. Rb2 {[%clk 0:02:30]} Qc3+
{[%clk 0:03:43]} 44. Rc2 {[%clk 0:02:14]} Qa1# {[%clk 0:03:38]} 0-1

[Event "HSG Open 2019 A"]
[Site "Hilversum"]
[Date "2019.06.21"]
[Round "2.8"]
[White "Van de Griendt, Jan Willem"]
[Black "De Boer, Bas"]
[Result "1/2-1/2"]
[BlackElo "2102"]
[WhiteElo "2332"]
[LiveChessVersion "1.4.8"]

1. d4 {[%clk 1:41:59]} d5 {[%clk 1:49:34]} 2. c4 {[%clk 1:42:04]} c6
{[%clk 1:49:38]} 3. Nf3 {[%clk 1:42:12]} Nf6 {[%clk 1:49:40]} 4. e3
{[%clk 1:42:20]} Bg4 {[%clk 1:49:21]} 5. Qb3 {[%clk 1:41:57]} Qb6
{[%clk 1:48:51]} 6. Nc3 {[%clk 1:41:36]} e6 {[%clk 1:48:50]} 7. Nh4
{[%clk 1:41:40]} Be7 {[%clk 1:46:59]} 8. h3 {[%clk 1:40:33]} Bh5 {[%clk 1:46:59]}
9. g4 {[%clk 1:40:33]} Bg6 {[%clk 1:47:04]} 10. Nxg6 {[%clk 1:40:30]} hxg6
{[%clk 1:47:06]} 11. g5 {[%clk 1:40:30]} Nfd7 {[%clk 1:45:01]} 12. e4
{[%clk 1:39:19]} dxe4 {[%clk 1:40:45]} 13. Qxb6 {[%clk 1:21:28]} axb6
{[%clk 1:40:39]} 14. Nxe4 {[%clk 1:21:33]} Na6 {[%clk 1:37:48]} 15. a3
{[%clk 1:09:26]} e5 {[%clk 1:33:39]} 16. dxe5 {[%clk 1:01:13]} Nxe5
{[%clk 1:33:36]} 17. f4 {[%clk 1:01:09]} Nf3+ {[%clk 1:28:47]} 18. Kf2
{[%clk 0:59:59]} Nd4 {[%clk 1:28:08]} 19. Rb1 {[%clk 0:57:23]} Nc5
{[%clk 1:26:21]} 20. Nxc5 {[%clk 0:57:19]} bxc5 {[%clk 1:26:12]} 21. Bg2
{[%clk 0:50:52]} O-O-O {[%clk 1:24:32]} 22. b4 {[%clk 0:50:54]} cxb4
{[%clk 1:22:22]} 23. axb4 {[%clk 0:50:52]} Ne6 {[%clk 1:21:42]} 24. c5
{[%clk 0:42:45]} Rd4 {[%clk 1:19:56]} 25. Be3 {[%clk 0:41:46]} Rc4
{[%clk 1:19:23]} 26. Rhc1 {[%clk 0:40:38]} Rxc1 {[%clk 1:17:57]} 27. Rxc1
{[%clk 0:40:42]} Bd8 {[%clk 1:16:52]} 28. Rc4 {[%clk 0:33:13]} Bc7
{[%clk 1:16:44]} 29. Re4 {[%clk 0:33:15]} Kd7 {[%clk 1:13:41]} 30. Bf1
{[%clk 0:33:13]} f5 {[%clk 1:08:17]} 31. Rc4 {[%clk 0:23:07]} Ra8
{[%clk 1:07:02]} 32. h4 {[%clk 0:19:16]} Ra2+ {[%clk 1:05:57]} 33. Kf3
{[%clk 0:18:27]} Ra3 {[%clk 1:05:15]} 34. Kf2 {[%clk 0:16:32]} Ra2+
{[%clk 1:04:52]} 35. Kf3 {[%clk 0:15:21]} Ra3 {[%clk 1:04:46]} 1/2-1/2

[Event "HSG Open 2019 A"]
[Site "Hilversum"]
[Date "2019.06.21"]
[Round "2.9"]
[White "Hummel, Paul"]
[Black "Lanchava, Tea"]
[Result "1/2-1/2"]
[BlackElo "2314"]
[WhiteElo "2115"]
[LiveChessVersion "1.4.8"]

1. d4 {[%clk 1:50:14]} d6 {[%clk 1:50:14]} 2. e4 {[%clk 1:50:05]} g6
{[%clk 1:50:04]} 3. Nc3 {[%clk 1:49:51]} Bg7 {[%clk 1:49:54]} 4. Be3
{[%clk 1:49:49]} c6 {[%clk 1:48:59]} 5. f3 {[%clk 1:48:25]} b5 {[%clk 1:47:58]}
6. Qd2 {[%clk 1:47:12]} a6 {[%clk 1:45:27]} 7. h4 {[%clk 1:46:39]} h6
{[%clk 1:44:58]} 8. O-O-O {[%clk 1:43:40]} Nd7 {[%clk 1:44:34]} 9. h5
{[%clk 1:42:24]} g5 {[%clk 1:44:12]} 10. Nge2 {[%clk 1:38:32]} Qa5
{[%clk 1:42:44]} 11. f4 {[%clk 1:34:32]} b4 {[%clk 1:41:52]} 12. Nb1
{[%clk 1:34:20]} gxf4 {[%clk 1:36:26]} 13. Nxf4 {[%clk 1:30:32]} Ngf6
{[%clk 1:27:51]} 14. e5 {[%clk 1:21:36]} dxe5 {[%clk 1:26:12]} 15. dxe5
{[%clk 1:21:40]} Nxe5 {[%clk 1:25:36]} 16. Bc5 {[%clk 1:10:21]} Bg4
{[%clk 1:21:55]} 17. Bxb4 {[%clk 1:04:42]} Qxa2 {[%clk 1:20:43]} 18. Re1
{[%clk 0:45:57]} O-O {[%clk 1:09:31]} 19. Bc3 {[%clk 0:40:07]} Rfd8
{[%clk 1:06:28]} 20. Qe3 {[%clk 0:37:07]} Nd5 {[%clk 0:56:35]} 21. Nxd5
{[%clk 0:37:04]} Rxd5 {[%clk 0:56:17]} 22. Qg3 {[%clk 0:26:33]} Rb8
{[%clk 0:50:57]} 23. Be2 {[%clk 0:20:46]} Bf6 {[%clk 0:45:55]} 24. Bxg4
{[%clk 0:17:01]} Bg5+ {[%clk 0:30:59]} 25. Re3 {[%clk 0:16:44]} Rbb5
{[%clk 0:29:43]} 26. Be2 {[%clk 0:14:40]} Rbc5 {[%clk 0:21:38]} 27. Bf3
{[%clk 0:10:12]} Rxc3 {[%clk 0:16:56]} 28. Bxd5 {[%clk 0:08:59]} cxd5
{[%clk 0:14:58]} 29. Nxc3 {[%clk 0:08:33]} Qa1+ {[%clk 0:14:40]} 30. Kd2
{[%clk 0:06:30]} Nc4+ {[%clk 0:13:18]} 31. Ke2 {[%clk 0:05:49]} Qxh1
{[%clk 0:13:03]} 32. Rxe7 {[%clk 0:04:49]} Qxh5+ {[%clk 0:12:17]} 33. Kf1
{[%clk 0:04:00]} Qh1+ {[%clk 0:10:42]} 34. Ke2 {[%clk 0:04:02]} Qc1
{[%clk 0:10:23]} 35. Re8+ {[%clk 0:03:52]} Kg7 {[%clk 0:09:58]} 36. Qd3
{[%clk 0:04:00]} Nxb2 {[%clk 0:03:41]} 37. Qd4+ {[%clk 0:04:08]} Bf6
{[%clk 0:03:32]} 38. Qg4+ {[%clk 0:04:11]} Bg5 {[%clk 0:03:42]} 39. Qd4+
{[%clk 0:04:20]} f6 {[%clk 0:03:31]} 40. Nxd5 {[%clk 0:02:48]} Qxc2+
{[%clk 0:03:37]} 41. Kf1 {[%clk 0:02:53]} Qb1+ {[%clk 0:03:24]} 42. Re1
{[%clk 0:02:40]} Qc2 {[%clk 0:02:55]} 43. Re2 {[%clk 0:01:59]} Qf5+
{[%clk 0:02:49]} 44. Kg1 {[%clk 0:01:47]} Nd3 {[%clk 0:02:15]} 45. Ne7
{[%clk 0:01:28]} Qb5 {[%clk 0:02:18]} 46. Qe4 {[%clk 0:01:19]} Qb1+
{[%clk 0:02:03]} 47. Kh2 {[%clk 0:01:28]} Qb8+ {[%clk 0:02:13]} 48. g3
{[%clk 0:01:34]} Ne5 {[%clk 0:02:19]} 49. Nf5+ Kf7 50. Qd5+ {[%clk 0:01:10]} Kg6
{[%clk 0:02:16]} 51. Qe4 {[%clk 0:01:17]} Kf7 {[%clk 0:02:08]} 52. Qd5+
{[%clk 0:01:26]} Kf8 {[%clk 0:01:24]} 53. Qc5+ {[%clk 0:01:05]} Kg8
{[%clk 0:01:31]} 54. Qd5+ {[%clk 0:01:00]} Kh8 {[%clk 0:01:41]} 55. Qe4
{[%clk 0:00:33]} Qe8 {[%clk 0:01:45]} 56. g4 {[%clk 0:00:33]} Qb8
{[%clk 0:01:53]} 57. Kg2 {[%clk 0:00:37]} Qb3 {[%clk 0:01:47]} 58. Qa8+
{[%clk 0:00:38]} Qg8 {[%clk 0:01:30]} 59. Qe4 {[%clk 0:00:23]} Ng6
{[%clk 0:01:32]} 60. Rc2 {[%clk 0:00:24]} Nf4+ {[%clk 0:01:26]} 61. Kf1
{[%clk 0:00:19]} Qb8 {[%clk 0:01:27]} 62. Qc6 {[%clk 0:00:14]} a5
{[%clk 0:00:18]} 63. Qc8+ {[%clk 0:00:15]} Qxc8 {[%clk 0:00:26]} 64. Rxc8+
{[%clk 0:00:24]} Kh7 {[%clk 0:00:35]} 65. Rc7+ {[%clk 0:00:28]} Kg8
{[%clk 0:00:43]} 66. Ra7 {[%clk 0:00:35]} Nd3 {[%clk 0:00:49]} 67. Rxa5
{[%clk 0:00:40]} Ne5 {[%clk 0:00:59]} 68. Ra4 {[%clk 0:00:49]} Kf7
{[%clk 0:01:00]} 69. Ke2 {[%clk 0:00:57]} Ke6 {[%clk 0:01:09]} 70. Ra6+
{[%clk 0:00:53]} Kd5 {[%clk 0:01:16]} 71. Nxh6 {[%clk 0:00:54]} 1/2-1/2

[Event "HSG Open 2019 A"]
[Site "Hilversum"]
[Date "2019.06.21"]
[Round "2.10"]
[White "Roebers, Jan"]
[Black "Vedder, Richard"]
[Result "1-0"]
[BlackElo "2290"]
[WhiteElo "2097"]
[LiveChessVersion "1.4.8"]

1. e4 {[%clk 1:50:10]} e5 {[%clk 1:50:15]} 2. Nf3 {[%clk 1:50:08]} Nc6
{[%clk 1:50:21]} 3. Nc3 {[%clk 1:50:11]} g6 {[%clk 1:49:49]} 4. d4
{[%clk 1:41:42]} exd4 {[%clk 1:49:52]} 5. Nd5 {[%clk 1:41:31]} Bg7
{[%clk 1:48:16]} 6. Bg5 {[%clk 1:39:15]} Nce7 {[%clk 1:46:56]} 7. Nxd4
{[%clk 1:30:28]} c6 {[%clk 1:46:38]} 8. Nxe7 {[%clk 1:27:30]} Nxe7
{[%clk 1:46:45]} 9. c3 {[%clk 1:20:47]} d5 {[%clk 1:41:19]} 10. Bd3
{[%clk 1:18:58]} dxe4 {[%clk 1:27:00]} 11. Bxe4 {[%clk 1:18:26]} Qc7
{[%clk 1:21:45]} 12. Qd2 {[%clk 1:08:13]} O-O {[%clk 1:18:23]} 13. O-O-O
{[%clk 1:06:23]} a6 {[%clk 1:12:33]} 14. Rhe1 {[%clk 0:52:02]} c5
{[%clk 1:05:21]} 15. Nb3 {[%clk 0:47:01]} c4 {[%clk 0:52:23]} 16. Nd4
{[%clk 0:45:35]} Nc6 {[%clk 0:52:15]} 17. Nxc6 {[%clk 0:42:27]} bxc6
{[%clk 0:52:24]} 18. Qd6 {[%clk 0:35:19]} Qa5 {[%clk 0:51:59]} 19. Be7
{[%clk 0:33:33]} Qxa2 {[%clk 0:47:55]} 20. Bxf8 {[%clk 0:24:48]} Qa1+
{[%clk 0:44:40]} 21. Kc2 {[%clk 0:23:20]} Qa4+ {[%clk 0:44:46]} 22. Kb1
{[%clk 0:21:40]} Bxf8 {[%clk 0:43:44]} 23. Qxc6 {[%clk 0:18:57]} Qxc6
{[%clk 0:43:49]} 24. Bxc6 {[%clk 0:19:03]} Rb8 {[%clk 0:43:57]} 25. Bd7
{[%clk 0:16:53]} Bb7 {[%clk 0:43:29]} 26. Re8 {[%clk 0:16:18]} Rxe8
{[%clk 0:43:25]} 27. Bxe8 {[%clk 0:16:26]} Bxg2 {[%clk 0:43:28]} 28. Rd7
{[%clk 0:15:12]} f5 {[%clk 0:43:00]} 29. Bf7+ {[%clk 0:15:04]} 1-0

[Event "HSG Open 2019 A"]
[Site "Hilversum"]
[Date "2019.06.21"]
[Round "2.11"]
[White "Plasman, Hans"]
[Black "Visser, Henk-Jan"]
[Result "0-1"]
[BlackElo "2249"]
[WhiteElo "2096"]
[LiveChessVersion "1.4.8"]

1. d4 {[%clk 1:47:21]} d5 {[%clk 1:50:11]} 2. Bf4 {[%clk 1:45:47]} Nf6
{[%clk 1:50:09]} 3. e3 {[%clk 1:45:53]} c5 {[%clk 1:50:05]} 4. Nc3
{[%clk 1:45:25]} cxd4 {[%clk 1:50:03]} 5. exd4 {[%clk 1:43:57]} a6
{[%clk 1:50:04]} 6. Qd2 {[%clk 1:29:33]} Bf5 {[%clk 1:44:31]} 7. f3
{[%clk 1:26:49]} e6 {[%clk 1:43:06]} 8. g4 {[%clk 1:22:43]} Bg6 {[%clk 1:43:09]}
9. h4 {[%clk 1:22:10]} h6 {[%clk 1:43:04]} 10. Bd3 {[%clk 1:17:55]} Bxd3
{[%clk 1:39:50]} 11. cxd3 {[%clk 1:17:55]} Nc6 {[%clk 1:35:09]} 12. Nge2
{[%clk 1:16:28]} h5 {[%clk 1:29:25]} 13. g5 {[%clk 1:09:59]} Nh7 {[%clk 0:53:49]}
14. O-O-O {[%clk 0:58:24]} g6 {[%clk 0:53:43]} 15. Kb1 {[%clk 0:57:23]} Bg7
{[%clk 0:47:58]} 16. Na4 {[%clk 0:55:00]} O-O {[%clk 0:44:03]} 17. Rc1
{[%clk 0:45:59]} Rc8 {[%clk 0:31:05]} 18. Rhe1 {[%clk 0:34:24]} Re8
{[%clk 0:25:21]} 19. Bg3 {[%clk 0:22:27]} Nf8 {[%clk 0:15:18]} 20. Bf2
{[%clk 0:12:19]} Nd7 {[%clk 0:09:39]} 21. Nc5 {[%clk 0:11:19]} Nxc5
{[%clk 0:09:22]} 22. Rxc5 {[%clk 0:10:51]} e5 {[%clk 0:02:14]} 23. Nc3
{[%clk 0:10:11]} exd4 {[%clk 0:00:59]} 24. Rxe8+ {[%clk 0:10:06]} Qxe8
{[%clk 0:01:05]} 25. Nxd5 {[%clk 0:09:33]} Qf8 {[%clk 0:00:35]} 26. Rc4
{[%clk 0:09:06]} Qd6 {[%clk 0:00:39]} 27. Nf6+ {[%clk 0:06:49]} Bxf6
{[%clk 0:00:23]} 28. gxf6 {[%clk 0:06:57]} Kh7 {[%clk 0:00:22]} 29. Qg5
{[%clk 0:05:39]} Re8 {[%clk 0:00:28]} 30. Bg3 {[%clk 0:03:33]} Qe6
{[%clk 0:00:32]} 31. Bf4 {[%clk 0:02:51]} Kg8 {[%clk 0:00:41]} 32. Rc1
{[%clk 0:02:59]} Nb4 {[%clk 0:00:31]} 33. b3 {[%clk 0:00:15]} Nxd3
{[%clk 0:00:37]} 34. Rg1 {[%clk 0:00:20]} Nxf4 {[%clk 0:00:22]} 35. Qxf4
{[%clk 0:00:28]} d3 {[%clk 0:00:25]} 0-1

[Event "HSG Open 2019 A"]
[Site "Hilversum"]
[Date "2019.06.21"]
[Round "2.12"]
[White "Van Foreest, Machteld"]
[Black "Roehr, Tobias"]
[Result "0-1"]
[BlackElo "2208"]
[WhiteElo "2094"]
[LiveChessVersion "1.4.8"]

1. e4 {[%clk 1:50:18]} c5 {[%clk 1:50:15]} 2. Nf3 {[%clk 1:50:23]} e6
{[%clk 1:50:19]} 3. d4 {[%clk 1:50:29]} cxd4 {[%clk 1:50:24]} 4. Nxd4
{[%clk 1:50:33]} Nc6 {[%clk 1:50:28]} 5. Nc3 {[%clk 1:50:39]} Qc7
{[%clk 1:50:33]} 6. Be3 {[%clk 1:49:13]} a6 {[%clk 1:50:39]} 7. Be2
{[%clk 1:49:12]} Nf6 {[%clk 1:50:27]} 8. O-O {[%clk 1:49:13]} Bb4
{[%clk 1:50:18]} 9. f3 {[%clk 1:46:36]} O-O {[%clk 1:43:47]} 10. Qd2
{[%clk 1:33:08]} d5 {[%clk 1:39:08]} 11. Nxc6 {[%clk 1:24:03]} bxc6
{[%clk 1:37:55]} 12. Bg5 {[%clk 1:09:26]} Qa7+ {[%clk 1:32:02]} 13. Be3
{[%clk 1:05:58]} Bc5 {[%clk 1:21:18]} 14. Bxc5 {[%clk 0:57:36]} Qxc5+
{[%clk 1:21:22]} 15. Kh1 {[%clk 0:57:37]} e5 {[%clk 1:19:02]} 16. exd5
{[%clk 0:50:01]} cxd5 {[%clk 1:18:57]} 17. Bd3 {[%clk 0:47:31]} Bb7
{[%clk 1:17:11]} 18. Rfe1 {[%clk 0:45:31]} Rfe8 {[%clk 1:16:24]} 19. Rad1
{[%clk 0:42:50]} e4 {[%clk 1:13:49]} 20. Be2 {[%clk 0:37:41]} h6 {[%clk 1:08:10]}
21. Qd4 {[%clk 0:34:05]} Qc7 {[%clk 1:06:13]} 22. fxe4 {[%clk 0:31:01]} dxe4
{[%clk 1:05:46]} 23. Qd6 {[%clk 0:29:58]} Qa5 {[%clk 1:04:51]} 24. Bc4
{[%clk 0:22:50]} Rac8 {[%clk 1:03:20]} 25. Bb3 {[%clk 0:22:20]} Qh5
{[%clk 1:00:03]} 26. Rf1 {[%clk 0:14:56]} e3 {[%clk 0:55:39]} 27. Rde1
{[%clk 0:11:07]} Re5 {[%clk 0:47:07]} 28. Qb6 {[%clk 0:09:30]} Rxc3
{[%clk 0:26:15]} 29. bxc3 {[%clk 0:07:53]} Bxg2+ {[%clk 0:25:39]} 30. Kxg2
{[%clk 0:07:04]} Qg4+ {[%clk 0:25:31]} 31. Kh1 {[%clk 0:07:06]} Qe4+
{[%clk 0:25:32]} 0-1

[Event "HSG Open 2019 A"]
[Site "Hilversum"]
[Date "2019.06.22"]
[Round "3.1"]
[White "Van Wely, Loek"]
[Black "Zwirs, Nico"]
[Result "1-0"]
[BlackElo "2387"]
[WhiteElo "2604"]
[LiveChessVersion "1.4.8"]

1. d4 {[%clk 1:49:01]} Nf6 {[%clk 1:50:14]} 2. c4 {[%clk 1:49:07]} g6
{[%clk 1:50:18]} 3. Nf3 {[%clk 1:47:04]} Bg7 {[%clk 1:50:09]} 4. g3
{[%clk 1:47:10]} b6 {[%clk 1:48:35]} 5. Nc3 {[%clk 1:43:30]} Bb7 {[%clk 1:48:22]}
6. d5 {[%clk 1:43:27]} O-O {[%clk 1:43:24]} 7. Bg2 {[%clk 1:39:45]} e6
{[%clk 1:43:15]} 8. O-O {[%clk 1:38:38]} exd5 {[%clk 1:43:20]} 9. cxd5
{[%clk 1:38:41]} Re8 {[%clk 1:43:24]} 10. Nd4 {[%clk 1:26:52]} c5
{[%clk 1:33:47]} 11. Ndb5 {[%clk 1:22:19]} d6 {[%clk 1:33:46]} 12. Bf4
{[%clk 1:22:06]} Bf8 {[%clk 1:33:31]} 13. a4 {[%clk 1:21:49]} Nh5
{[%clk 1:27:57]} 14. Bd2 {[%clk 1:20:08]} Nd7 {[%clk 1:18:03]} 15. e4
{[%clk 1:11:47]} Ne5 {[%clk 1:15:21]} 16. b3 {[%clk 1:07:29]} f6 {[%clk 1:13:50]}
17. f4 {[%clk 1:02:59]} Nf7 {[%clk 1:12:07]} 18. Qf3 {[%clk 0:47:54]} Ng7
{[%clk 0:55:53]} 19. g4 {[%clk 0:41:48]} Qd7 {[%clk 0:49:04]} 20. h4
{[%clk 0:31:38]} a6 {[%clk 0:43:41]} 21. Na3 {[%clk 0:31:43]} b5 {[%clk 0:43:45]}
22. axb5 {[%clk 0:31:28]} axb5 {[%clk 0:43:45]} 23. Naxb5 {[%clk 0:31:20]} Reb8
{[%clk 0:39:15]} 24. Ra4 {[%clk 0:26:06]} Bc8 {[%clk 0:37:24]} 25. Rfa1
{[%clk 0:17:53]} Rxa4 {[%clk 0:31:45]} 26. bxa4 {[%clk 0:15:51]} Be7
{[%clk 0:31:53]} 27. g5 {[%clk 0:14:55]} Bd8 {[%clk 0:24:52]} 28. Re1
{[%clk 0:13:38]} Qe8 {[%clk 0:16:04]} 29. Bh3 {[%clk 0:12:26]} Bd7
{[%clk 0:14:05]} 30. Kg2 {[%clk 0:09:13]} Rb7 {[%clk 0:10:42]} 31. Bxd7
{[%clk 0:08:27]} Rxd7 {[%clk 0:10:22]} 32. Ra1 {[%clk 0:08:02]} fxg5
{[%clk 0:05:48]} 33. hxg5 {[%clk 0:08:04]} Ba5 {[%clk 0:05:55]} 34. Nb1
{[%clk 0:07:09]} Bxd2 {[%clk 0:01:31]} 35. Nxd2 {[%clk 0:07:16]} Nh5
{[%clk 0:01:23]} 36. a5 {[%clk 0:04:32]} Nxg5 {[%clk 0:00:50]} 37. fxg5
{[%clk 0:04:35]} Qe5 {[%clk 0:00:59]} 38. Rf1 {[%clk 0:03:32]} Qxg5+
{[%clk 0:00:45]} 39. Kh1 {[%clk 0:03:40]} Ng3+ {[%clk 0:00:46]} 40. Kh2
{[%clk 0:03:36]} Nxf1+ {[%clk 0:00:44]} 41. Nxf1 {[%clk 0:03:43]} Rf7
{[%clk 0:00:51]} 42. Qg2 {[%clk 0:03:44]} Qf4+ {[%clk 0:00:28]} 43. Kg1
{[%clk 0:03:46]} Rb7 {[%clk 0:00:18]} 44. Qe2 {[%clk 0:03:28]} c4
{[%clk 0:00:25]} 45. Nd4 {[%clk 0:03:25]} Qg5+ {[%clk 0:00:26]} 46. Qg2
{[%clk 0:02:55]} Qe5 {[%clk 0:00:32]} 47. Ne6 {[%clk 0:02:08]} c3
{[%clk 0:00:22]} 48. a6 {[%clk 0:02:12]} Rf7 {[%clk 0:00:20]} 49. Ne3
{[%clk 0:02:06]} Qh5 {[%clk 0:00:13]} 50. Nd4 {[%clk 0:01:09]} Qe5
{[%clk 0:00:15]} 51. Nc6 {[%clk 0:01:07]} Qf4 {[%clk 0:00:24]} 52. Nf5
{[%clk 0:00:38]} Qc1+ {[%clk 0:00:26]} 53. Kh2 {[%clk 0:00:46]} Qf4+
{[%clk 0:00:34]} 54. Kh3 {[%clk 0:00:43]} c2 {[%clk 0:00:22]} 55. Nce7+
{[%clk 0:00:39]} Rxe7 {[%clk 0:00:25]} 56. Nxe7+ {[%clk 0:00:48]} Kf7
{[%clk 0:00:29]} 57. Qxc2 {[%clk 0:00:47]} Kxe7 {[%clk 0:00:31]} 58. Kg2
{[%clk 0:00:34]} Qg4+ {[%clk 0:00:31]} 59. Kf2 {[%clk 0:00:40]} Qf4+
{[%clk 0:00:39]} 60. Ke2 {[%clk 0:00:46]} Qh2+ {[%clk 0:00:38]} 61. Kd3
{[%clk 0:00:52]} Qg1 {[%clk 0:00:38]} 62. Qc7+ {[%clk 0:00:57]} Ke8
{[%clk 0:00:46]} 63. Qc8+ {[%clk 0:00:46]} Kf7 {[%clk 0:00:52]} 64. Qd7+
{[%clk 0:00:49]} Kg8 {[%clk 0:00:59]} 65. Qxd6 {[%clk 0:00:50]} Qb1+
{[%clk 0:00:56]} 66. Kc4 {[%clk 0:00:39]} Qxe4+ {[%clk 0:00:53]} 67. Kb5
{[%clk 0:00:45]} Qd3+ {[%clk 0:00:57]} 68. Kb6 {[%clk 0:00:48]} Qb3+
{[%clk 0:00:49]} 69. Kc7 {[%clk 0:00:54]} Qc3+ {[%clk 0:00:48]} 70. Qc6
{[%clk 0:00:51]} Qa5+ {[%clk 0:00:49]} 71. Kc8 {[%clk 0:00:58]} g5
{[%clk 0:00:33]} 72. d6 {[%clk 0:01:03]} Qf5+ {[%clk 0:00:31]} 73. d7
{[%clk 0:01:11]} g4 {[%clk 0:00:40]} 74. a7 {[%clk 0:01:18]} 1-0